| 000 | 00532nam a2200217Ia 4500 | ||
|---|---|---|---|
| 003 | 0100 | ||
| 008 | 130303s9999 xx 000 0 und d | ||
| 020 | _a415191513 | ||
| 040 | _cARRUPELIB | ||
| 050 | _aHC59.72.E5E431999 | ||
| 100 | _aElliot, Jennifer A | ||
| 245 | 3 | _aAn introduction to sustainable development | |
| 250 | _a2nd | ||
| 260 | _aLondon | ||
| 260 | _bRoutledge | ||
| 260 | _C1999 | ||
| 300 | _a215 p. | ||
| 440 | _aRoutledge Introduction to Development Series | ||
| 700 | _aJennifer A. Elliot | ||
| 942 | 0 | 0 | _02 |
| 999 |
_c13769 _d13769 |
||